Neural networks and micromechanics / (Record no. 32964)

000 -LEADER
fixed length control field 01842cam a22005297a 4500
001 - CONTROL NUMBER
control field 8574365
003 - CONTROL NUMBER IDENTIFIER
control field OSt
005 - DATE AND TIME OF LATEST TRANSACTION
control field 20211021104759.0
006 - FIXED-LENGTH DATA ELEMENTS--ADDITIONAL MATERIAL CHARACTERISTICS
fixed length control field m d
007 - PHYSICAL DESCRIPTION FIXED FIELD--GENERAL INFORMATION
fixed length control field cr n
008 - FIXED-LENGTH DATA ELEMENTS--GENERAL INFORMATION
fixed length control field 090806s2010 gw a sb 000 0 eng d
015 ## - NATIONAL BIBLIOGRAPHY NUMBER
National bibliography number GBA9A9632
Source bnb
015 ## - NATIONAL BIBLIOGRAPHY NUMBER
National bibliography number 09,N43,0028
Source dnb
016 7# - NATIONAL BIBLIOGRAPHIC AGENCY CONTROL NUMBER
Record control number 015416051
Source Uk
020 ## - INTERNATIONAL STANDARD BOOK NUMBER
International Standard Book Number 9783642025341 (hbk. : alk. paper)
028 52 - PUBLISHER NUMBER
Publisher number 12557622
035 ## - SYSTEM CONTROL NUMBER
System control number (WaSeSS)ssj0000440079
038 ## - RECORD CONTENT LICENSOR
Staff Name Khadija
040 ## - CATALOGING SOURCE
Original cataloging agency UKM
Language of cataloging eng
Transcribing agency UKM
Modifying agency BWX
-- TEF
-- YDXCP
-- DEBBG
-- BTCTA
-- MUU
-- OCL
-- OHX
-- OCL
-- DLC
-- WaSeSS
042 ## - AUTHENTICATION CODE
Authentication code ukblcatcopy
-- lccopycat
050 #4 - LIBRARY OF CONGRESS CALL NUMBER
Classification number QA76.87
Item number .K885 2010
050 #4 - LIBRARY OF CONGRESS CALL NUMBER
Classification number TK7875
082 04 - DEWEY DECIMAL CLASSIFICATION NUMBER
Classification number 621.38102856
Edition number 22
Author Mark KUS
084 ## - OTHER CLASSIFICATION NUMBER
Classification number 004
Number source sdnb
084 ## - OTHER CLASSIFICATION NUMBER
Classification number ST 301
Number source rvk
084 ## - OTHER CLASSIFICATION NUMBER
Classification number ST 330
Number source rvk
084 ## - OTHER CLASSIFICATION NUMBER
Classification number ZN 3700
Number source rvk
100 1# - MAIN ENTRY--PERSONAL NAME
Personal name Kussulʹ, Ė. M.
9 (RLIN) 83317
210 10 - ABBREVIATED TITLE
Abbreviated title Neural networks and micromechanics
245 10 - TITLE STATEMENT
Title Neural networks and micromechanics /
Statement of responsibility, etc. Ernst Kussul, Tatiana Baidyk, Donald C. Wunsch.
260 ## - PUBLICATION, DISTRIBUTION, ETC.
Place of publication, distribution, etc. Heidelberg ;
-- New York :
Name of publisher, distributor, etc. Springer,
Date of publication, distribution, etc. c2010.
504 ## - BIBLIOGRAPHY, ETC. NOTE
Bibliography, etc. note Includes bibliographical references.
506 ## - RESTRICTIONS ON ACCESS NOTE
Terms governing access License restrictions may limit access.
563 ## - BINDING INFORMATION
Binding note Hardcover
650 #0 - SUBJECT ADDED ENTRY--TOPICAL TERM
Topical term or geographic name entry element Neural networks (Computer science)
9 (RLIN) 18586
650 #0 - SUBJECT ADDED ENTRY--TOPICAL TERM
Topical term or geographic name entry element Pattern recognition systems.
9 (RLIN) 27998
650 #0 - SUBJECT ADDED ENTRY--TOPICAL TERM
Topical term or geographic name entry element Microelectromechanical systems.
9 (RLIN) 55756
650 07 - SUBJECT ADDED ENTRY--TOPICAL TERM
Topical term or geographic name entry element Bilderkennung.
Source of heading or term swd
9 (RLIN) 81761
650 07 - SUBJECT ADDED ENTRY--TOPICAL TERM
Topical term or geographic name entry element Mikromechanik.
Source of heading or term swd
9 (RLIN) 83318
650 07 - SUBJECT ADDED ENTRY--TOPICAL TERM
Topical term or geographic name entry element Neuronales Netz.
Source of heading or term swd
9 (RLIN) 83319
700 1# - ADDED ENTRY--PERSONAL NAME
Personal name Baidyk, Tatiana.
9 (RLIN) 83320
700 1# - ADDED ENTRY--PERSONAL NAME
Personal name Wunsch, Donald C.
9 (RLIN) 83321
773 #0 - HOST ITEM ENTRY
Title SpringerLink ebooks - Computer Science (2010)
856 40 - ELECTRONIC LOCATION AND ACCESS
Uniform Resource Identifier <a href="http://www.columbia.edu/cgi-bin/cul/resolve?clio8574365">http://www.columbia.edu/cgi-bin/cul/resolve?clio8574365</a>
Public note Full text available from SpringerLink ebooks - Computer Science (2010)
910 ## - USER-OPTION DATA (OCLC)
User-option data Library of Congress record
942 ## - ADDED ENTRY ELEMENTS (KOHA)
Source of classification or shelving scheme
Koha item type Book
Holdings
Withdrawn status Lost status Source of classification or shelving scheme Damaged status Not for loan Permanent Location Current Location Shelving location Date acquired Full call number Barcode Date last seen Price effective from Koha item type
          School of Mechanical & Manufacturing Engineering (SMME) School of Mechanical & Manufacturing Engineering (SMME) General Stacks 12/15/2015 621.38102856 KUS SMME-1889 03/29/2018 12/15/2015 Book
© 2023 Central Library, National University of Sciences and Technology. All Rights Reserved.